| Tag |
First Indicator |
Second Indicator |
Subfields |
| LEADER |
00000cam a2200000 i 4500 |
| 001 |
in00000674607 |
| 005 |
20151015081836.0 |
| 008 |
770324s1977 dcua 00110 eng |
| 010 |
|
|
|a 77005321
|
| 020 |
|
|
|a 0915220261 :
|c $11.95
|
| 035 |
|
|
|a (OCoLC)02873497
|
| 035 |
|
|
|9 ACX8359AM
|
| 040 |
|
|
|a DLC
|c DLC
|d TXA
|d UtOrBLW
|
| 043 |
|
|
|a n-us---
|
| 049 |
|
|
|a TXAM
|c [982618]
|
| 050 |
0 |
0 |
|a E865
|b .O8
|
| 082 |
0 |
|
|a 973.925
|
| 090 |
|
|
|a E865
|b .O8 1977a
|
| 100 |
1 |
|
|a Osborne, John,
|d 1907-1981.
|
| 245 |
1 |
0 |
|a White House watch :
|b the Ford years /
|c by John Osborne ; cartoons by Ranan Lurie.
|
| 264 |
|
1 |
|a Washington :
|b New Republic Book Co. ;
|c 1977.
|
| 264 |
|
2 |
|a New York :
|b Trade distribution by Simon and Schuster,
|
| 300 |
|
|
|a xxxiii, 482 pages :
|b illustrations ;
|c 22 cm.
|
| 336 |
|
|
|a text
|b txt
|2 rdacontent
|
| 337 |
|
|
|a unmediated
|b n
|2 rdamedia
|
| 338 |
|
|
|a volume
|b nc
|2 rdacarrier
|
| 500 |
|
|
|a "Consists in part of articles that appeared in the New republic between September 1974 and January 1977."
|
| 500 |
|
|
|a Includes index.
|
| 651 |
|
0 |
|a United States
|x Politics and government
|y 1974-1977.
|
| 999 |
|
|
|a MARS
|
| 999 |
f |
f |
|s a73748e8-00f9-3dd9-ac6d-b985eae9b166
|i 3f48c89a-580b-3400-ab5c-54130d2d6178
|t 0
|
| 952 |
f |
f |
|p ric
|a Texas A&M University
|b Rellis Campus
|c Joint Library Facility
|d Remote Storage
|t 0
|e E865 .O8 1977a
|h Library of Congress classification
|i unmediated -- volume
|m A14802264039
|
| 998 |
f |
f |
|a E865 .O8 1977a
|t 0
|l Remote Storage
|